000 00617nam a2200241Ia 4500
003 OSt
005 20221007071255.0
006 a|||||r|||| 00| 0
007 ta
008 221006b |||||||| |||| 00| 0 eng d
024 _a25,105
037 _cTextual
040 _aFLL
_cFLL
_beng
041 _2eng
_aeng
082 _aZ3:94, H7
100 _aShaw William
_9275070
245 0 _aEvidence in criminal cases
250 _a3rd
260 _aLondon
_bButterworth & Co. Ltd. UK
_c1947
300 _axxxi,269p
_ccm.
942 _hZ3:94, H7
_cTEXL
_2CC
999 _c1142918
_d1142918